000 nam a22 7a 4500
999 _c7356
_d7356
008 170817b xxu||||| |||| 00| 0 eng d
020 _a9780672306402
100 _aGurewich Ori
_93894
245 _aMaster Visual Basic 4
250 _a2nd
260 _aNew Delhi
_bSams Publishing